000 01839cam a22002294a 4500
005 20250605164019.0
008 250528s ||||||||||||||||||||||||d
035 _a16291
020 _a256015732
040 _aGR-AtMCL
_bgre
_dGR-AtMCL
_eAACR2
245 1 _aManagerial Economics / Analysis and Cases: Third Edition
250 _a3rd
260 _bBusiness Publications,
_c1974
300 _a648
505 0 _aIntroduction to Managerial Economics, The Scope and Method of Managerial Economics, Six Fundamental Concepts, Demand and Forecasting, Demand Analysis, Business Conditions Analysis and Short-Range Forecasting, Production and Cost, Break-Even and Volume-Profit Analysis, Production and Cost Analysis: Short-Run and Finite Runs and Long Runs, Selected Topics in Production Economics, Pricing and Output, Pricing, Selected Topics in Pricing, Strategy Formulation and Capital Budgeting, Long-Range Forecasting, Capital Budgeting, Managerial Economics in Nonprofit Organizations, Cost-Effectiveness and Benefit-Cost Analyses, Appendix, Index.
520 _aIntroduction to Managerial Economics, The Scope and Method of Managerial Economics, Six Fundamental Concepts, Demand and Forecasting, Demand Analysis, Business Conditions Analysis and Short-Range Forecasting, Production and Cost, Break-Even and Volume-Profit Analysis, Production and Cost Analysis: Short-Run and Finite Runs and Long Runs, Selected Topics in Production Economics, Pricing and Output, Pricing, Selected Topics in Pricing, Strategy Formulation and Capital Budgeting, Long-Range Forecasting, Capital Budgeting, Managerial Economics in Nonprofit Organizations, Cost-Effectiveness and Benefit-Cost Analyses, Appendix, Index.
700 1 _aHaynes W. Warren
_92376
700 1 _aHenry William R
_92377
942 _cBK
999 _c1808
_d1808